Vijnanabhairava or divine consciousness (Record no. 397016)

MARC details
000 -LEADER
fixed length control field 00506nam a22001937a 4500
005 - DATE & TIME
control field 20260212112218.0
008 - FIXED-LENGTH DATA ELEMENTS--GENERAL INFORMATION
fixed length control field 260211b |||||||| |||| 00| 0 eng d
020 ## - ISBN
International Standard Book Number 9789391759872
Price Rs. 325.00
040 ## - CATALOGING SOURCE
Original cataloging agency VIVEKANANDA LIBRARY
082 ## - DDC NUMBER
Classification number 294.53
Book Number J199V
100 ## - MAIN ENTRY--PERSONAL NAME
Personal name Jaideva Singh
245 ## - TITLE STATEMENT
Title Vijnanabhairava or divine consciousness
260 ## - PUBLICATION, DISTRIBUTION, ETC. (IMPRINT)
Place of publication, distribution, etc New Delhi
Name of publisher, distributor, etc Motilal Banarsidass Publications
Date of publication, distribution, etc 2022
300 ## - PHYSICAL DESCRIPTION
Pages xxx, 173
650 ## - Subject
Subject Religion
650 ## - Subject
Subject Hinduism
650 ## - Subject
Subject Shaivism
942 ## - ADDED ENTRY ELEMENTS (KOHA)
Koha item type Books
Holdings
Withdrawn status Lost status Source of classification or shelving scheme Damaged status Not for loan Location (home branch) Sublocation or collection (holding branch) Shelving location Date acquired Koha issues (times borrowed) Koha full call number Accession No. Koha date last seen Koha item type
    Dewey Decimal Classification     VIVEKANANDA LIBRARY VIVEKANANDA LIBRARY Vivekananda Library 11/02/2026   294.53 J199V 314629 11/02/2026 Books
© Designed and Maintained by Vivekananda Library, MDU Rohtak